000 00552nam a2200205 a 4500
005 20140310183503.0
008 101014s19uu xx 00 eng d
020 _a9789710411740
050 _aHC 79
_b.R173 2010
100 _aRamirez, Alvin D.
245 _aICT and society. /
_cAlvin D. Ramirez
250 _a3rd ed.
260 _aPhilippines :
_bTechFactor Inc,
_c2010.
300 _a121 p. :
_bill. col. ;
_c25 cm.
521 _aIT
650 _aComputer-assisted instruction.
650 _aICT.
942 _cBK
_2lcc
_kLOC
999 _c23981
_d23981